PHYSICIAN`S DRUG HAND BOOK / (Record no. 796886)

MARC details
000 -LEADER
fixed length control field 00526pam a2200193 a 4500
020 ## - INTERNATIONAL STANDARD BOOK NUMBER
International Standard Book Number 9781582556802
Terms of availability 2255.10
041 ## - LANGUAGE CODE
Language code of text/sound track or separate title eng
Language code of original NULL
082 ## - DEWEY DECIMAL CLASSIFICATION NUMBER
Classification number 615
Item number HOL
100 ## - MAIN ENTRY--PERSONAL NAME
Personal name BEERS M.F.
245 ## - TITLE STATEMENT
Title PHYSICIAN`S DRUG HAND BOOK /
Statement of responsibility, etc. NULL.
Medium Textual Documents
250 ## - EDITION STATEMENT
Edition statement 12 ED /
Remainder of edition statement .
260 ## - PUBLICATION, DISTRIBUTION, ETC.
Place of publication, distribution, etc. NULL :
Name of publisher, distributor, etc. WOLTERS KLUWER/LIPPINCOTT WILLAMS & WILKINIS ,
Date of publication, distribution, etc. 2008.
300 ## - PHYSICAL DESCRIPTION
Extent 1325 : :
Other physical details XIV ; ;
Dimensions A4 . +
Accompanying material PB.
365 ## - TRADE PRICE
Price type code 2255.10
650 ## - SUBJECT ADDED ENTRY--TOPICAL TERM
Topical term or geographic name entry element PHARMACOLOGY
907 ## - LOCAL DATA ELEMENT G, LDG (RLIN)
a 6024
930 ## - EQUIVALENCE OR CROSS-REFERENCE-UNIFORM TITLE HEADING [LOCAL, CANADA]
Uniform title 2351
Holdings
Withdrawn status Lost status Damaged status Not for loan Collection Home library Current library Date acquired Source of acquisition Cost, normal purchase price Total Checkouts Full call number Barcode Date due Date last seen Date last checked out Copy number Price effective from Koha item type
          Medical College & Hospital, Sangli Medical College & Hospital, Sangli 04/12/2007 B.M.S.G.B.PUNE 2255.10 1 615 HOL MCS-6024 30/09/2043 05/10/2023 05/10/2023 2 26/07/2023 Book
          Medical College & Hospital, Sangli Medical College & Hospital, Sangli 04/12/2007 B.M.S.G.B.PUNE 2255.10 1 615 HOL MCS-5832 01/10/2043 06/10/2023 06/10/2023 1 26/07/2023 Book